000 00762nam a2200241 a 4500
001 000030456
003 OSt
005 20240301073829.0
008 110517s2011 dr ac 000 0 spa d
020 _a9789945164107
040 _aDO-SdBNP
_bspa
_cBNPHU
082 _axxx
_bR139e, 2011
100 1 _aRaful, Tony,
_d1951-
_91377
245 1 0 _aEmpuñadura de la poesía y la historia /
_cTony Raful Tejada.
250 _a2a ed.
260 _aSanto Domingo :
_bBúho,
_c2011.
300 _a69 p. :
_bil., retrs. ;
_c23 cm.
500 _aDiscurso de ingreso a la Academia Dominicana de la Lengua, jueves 28 de abril de 2011.
504 _aBibliografía : p. 67-68
590 _aInventariado, 2020 / DG
910 _aInventariado, 2020 / DG
942 _2ddc
_cLBS1
999 _c29948
_d29948